000 00538cam a2200145 4500500
005 20251228090830.0
041 _afre
042 _adc
100 1 0 _aFaguer, Nicolas
_eauthor
245 0 0 _aAutour des Suppliants parallèles : Hans Urs von Balthasar, lecteur de Péguy
260 _c2018.
500 _a81
786 0 _nBulletin de l’Amitié Charles Péguy | 162 | 2 | 2018-04-21 | p. 164-175 | 0180-8567
856 4 1 _uhttps://shs.cairn.info/revue-bulletin-de-lamitie-charles-peguy-2018-2-page-164?lang=fr&redirect-ssocas=7080
999 _c1602777
_d1602777